Novelas ejemplares /

Guardado en:
Autor Principal: Cervantes Saavedra, Miguel de
Formato: Libro
Publicado: Buenos Aires : Fabril, 1965
Etiquetas: Agregar Etiqueta
Sin Etiquetas, Sea el primero en etiquetar este registro!
LEADER 01020nam a22002415a 4500
001 CEM.cems001589
005 20060214000000.0
008 130507s1965##################000#0#####d
003 CEMS
082 0 4 |a 863.3 
100 1 |a Cervantes Saavedra, Miguel de 
245 1 0 |a Novelas ejemplares / 
260 |a Buenos Aires :  |b Fabril,  |c 1965 
300 |a 440 p.1 
859 |a CEMS  |b BIB. CEMS - 11 de abril  |h 863.3  |i C337-18  |p 4130.75  |t Ej.1 
859 |a CEMS  |b BIB. CEMS - 11 de abril  |h 863.3  |i C337-18  |p 4131.75  |t Ej.2 
859 |a CEMS  |b BIB. CEMS - 11 de abril  |h 863.3  |i C337-18  |p 4132.75  |t Ej.3 
859 |a CEMS  |b BIB. CEMS - 11 de abril  |h 863.3  |i C337-18  |p 4133.75  |t Ej.4 
859 |a CEMS  |b BIB. CEMS - 11 de abril  |h 863.3  |i C337-18  |p 4134.75  |t Ej.5 
859 |a CEMS  |b BIB. CEMS - 11 de abril  |h 863.3  |i C337-18  |p 4135.75  |t Ej.6 
859 |a CEMS  |b BIB. CEMS - 11 de abril  |h 863.3  |i C337-18  |p 4137.75  |t Ej.8 
859 |a CEMS  |b BIB. CEMS - 11 de abril  |h 863.3  |i C337-18  |p 4138.75  |t Ej.9 
859 |a CEMS  |b BIB. CEMS - 11 de abril  |h 863.3  |i C337-18  |p 4139.75  |t Ej.7